Introduction to Classical Algebra: (Record no. 186117)

MARC details
000 -LEADER
fixed length control field 00607nam a22001937a 4500
005 - DATE AND TIME OF LATEST TRANSACTION
control field 20220215110808.0
010 ## - LCCN (DPL NO)
LC control number ENG-131583
020 ## - INTERNATIONAL STANDARD BOOK NUMBER
International Standard Book Number 9788193897409
Terms of availability 575.00
035 ## - SYSTEM CONTROL NUMBER
System control number EN-115115
037 ## - SOURCE OF ACQUISITION
Source of stock number/acquisition DBAD
082 ## - DEWEY DECIMAL CLASSIFICATION NUMBER
Classification number 512
100 ## - MAIN ENTRY--PERSONAL NAME
Personal name Das, Chandan Bikash
245 ## - TITLE STATEMENT
Title Introduction to Classical Algebra:
Remainder of title Concepts, Theory and Applications/
Statement of responsibility, etc Chandan Bikash Das, Pabitra Kumar Gouri
260 ## - PUBLICATION, DISTRIBUTION, ETC. (IMPRINT)
Place of publication, distribution, etc Kolkata
Name of publisher, distributor, etc Arunabha Sen
Date of publication, distribution, etc 2019
270 ## - ADDRESS
Address 8/1, Chintamoni Das Lane
City Kolkata
Postal code 700009
300 ## - PHYSICAL DESCRIPTION
Extent vp.
Dimensions 24cm(pbk)
700 ## - ADDED ENTRY--PERSONAL NAME
Personal name Gouri, Pabitra Kumar
942 ## - ADDED ENTRY ELEMENTS (KOHA)
Source of classification or shelving scheme Dewey Decimal Classification
Item type English Books
Classification part 512
Call number suffix DAS
Holdings
Withdrawn status Lost status Not for loan Collection code Home library Current library Date acquired Source of acquisition Cost, normal purchase price Full call number Barcode Copy number Cost, replacement price Koha item type
      Non-fiction Bawana Bawana 15/02/2022 DBAD/PUB 575.00 512 DAS EN-115115 1 575.00 English Books

© Delhi Public Library
Hit Counter
free hit counter